Получение литиевых и литий-замещенных ферритов в условиях высокоэнергетических воздействий, включающих механическую активацию исходных реагентов и нагрев в пучке электронов: автореферат диссертации на соискание ученой степени кандидата технических наук; спец. 01.04.07

Manylion Llyfryddiaeth
Prif Awdur: Николаев Е. В. Евгений Владимирович
Awdur Corfforaethol: Национальный исследовательский Томский политехнический университет (ТПУ) Институт неразрушающего контроля (ИНК) Проблемная научно-исследовательская лаборатория электроники, диэлектриков и полупроводников (ПНИЛ ЭДиП)
Awduron Eraill: Лысенко Е. Н. Елена Николаевна (научный руководитель)
Crynodeb:Заглавие с титульного экрана
Электронная версия печатной публикации
Iaith:Rwseg
Cyhoeddwyd: Томск, 2018
Pynciau:
Mynediad Ar-lein:http://earchive.tpu.ru/handle/11683/52877
Fformat: Electronig Llyfr
KOHA link:https://koha.lib.tpu.ru/cgi-bin/koha/opac-detail.pl?biblionumber=341859

MARC

LEADER 00000nlm0a2200000 4500
001 341859
005 20240119090349.0
035 |a (RuTPU)RU\TPU\book\370149 
035 |a RU\TPU\book\370148 
090 |a 341859 
100 |a 20181026d2018 k y0rusy50 ca 
101 0 |a rus 
102 |a RU 
105 |a a dm 000zy 
135 |a drcn ---uucaa 
181 0 |a i  
182 0 |a b 
200 1 |a Получение литиевых и литий-замещенных ферритов в условиях высокоэнергетических воздействий, включающих механическую активацию исходных реагентов и нагрев в пучке электронов  |e автореферат диссертации на соискание ученой степени кандидата технических наук  |e спец. 01.04.07  |f Е. В. Николаев  |g Национальный исследовательский Томский политехнический университет (ТПУ) ; науч. рук. Е. Н. Лысенко 
203 |a Текст  |c электронный 
210 |a Томск  |d 2018 
215 |a 1 файл (1 836 KB) 
300 |a Заглавие с титульного экрана 
300 |a Электронная версия печатной публикации 
452 1 |0 (RuTPU)RU\TPU\book\370971  |t Получение литиевых и литий-замещенных ферритов в условиях высокоэнергетических воздействий, включающих механическую активацию исходных реагентов и нагрев в пучке электронов  |o автореферат диссертации на соискание ученой степени кандидата технических наук  |o спец. 01.04.07  |f Е. В. Николаев  |g Национальный исследовательский Томский политехнический университет (ТПУ) ; науч. рук. Е. Н. Лысенко  |c Томск  |n [Б. и.]  |d 2018  |p 22 с.  |a Николаев, Евгений Владимирович 
606 1 |a Ферриты  |x Физика  |2 stltpush  |3 (RuTPU)RU\TPU\subj\63592  |9 80580 
606 1 |a Ферритовые материалы  |2 stltpush  |3 (RuTPU)RU\TPU\subj\63588  |9 80576 
610 1 |a электронный ресурс 
610 1 |a авторефераты диссертаций 
610 1 |a труды учёных ТПУ 
610 1 |a литиевые ферриты 
610 1 |a литий-замещенные ферриты 
610 1 |a высокоэнергетические воздействия 
610 1 |a механическая активация 
610 1 |a реагенты 
610 1 |a нагрев 
610 1 |a пучки электронов 
610 1 |a физико-химические свойства 
610 1 |a ферритовые материалы 
610 1 |a планетарные мельницы 
610 1 |a электронные пучки 
610 1 |a магнитные материалы 
610 1 |a структурно-фазовые состояния 
610 1 |a магнитные состояния 
610 1 |a технологические режимы 
675 |a 537.622.4(04)  |v 3 
675 |a 621.318.13(04)  |v 3 
686 |a 01.04.07  |2 oksvnk 
700 1 |a Николаев  |b Е. В.  |c специалист в области электротехники  |c инженер Томского политехнического университета  |f 1989-  |g Евгений Владимирович  |3 (RuTPU)RU\TPU\pers\31309  |9 15487 
702 1 |a Лысенко  |b Е. Н.  |c специалист в области электротехники  |c профессор Томского политехнического университета, доктор технических наук  |f 1972-  |g Елена Николаевна  |3 (RuTPU)RU\TPU\pers\26532  |4 727  |9 12226 
712 0 2 |a Национальный исследовательский Томский политехнический университет (ТПУ)  |b Институт неразрушающего контроля (ИНК)  |b Проблемная научно-исследовательская лаборатория электроники, диэлектриков и полупроводников (ПНИЛ ЭДиП)  |3 (RuTPU)RU\TPU\col\19033 
801 2 |a RU  |b 63413507  |c 20190212  |g RCR 
856 4 |u http://earchive.tpu.ru/handle/11683/52877 
942 |c CF